• 首页
  • 本馆介绍
  • 公告通知
  • 最新文献
  • 馆藏检索
  • 电子资源
  • 读者导购
  • 参考咨询
  • 我的图书馆
  • 登录
  • 详细信息显示
  • 放入我的书架
  • 预约/预借图书
  • 作者相关作品
  • 分类相关作品
  • 丛书相关作品
  • 出版社相关作品

书目信息

  • 表格格式
  • 工作单格式
  • 卡片格式
题名:
避孕常识
    
 
作者: 宋鸿剑 , 赵志一 著
分册:  
出版信息: 北京   人民卫生出版社  1955
页数: 62页
开本: 20cm
丛书名:
单 册:
中图分类: R169.1
科图分类:
主题词: 计划生育 , 计划生育--卫生
电子资源:
ISBN:
000 00653nam0 2200241 450
001 0735955151
005 20070925100025.60
010    @dCNY0.15
091    @a14048.0690
100    @a20070925d1955 km y0chiy0120 ea
101 0  @achi
102    @aCN@b110000
102    @aCN@b110000
200 1  @a避孕常识@Abi yun chang shi@f宋鸿剑,赵志一著@Fsong hong jian,zhao zhi yi zhu
210    @a北京@c人民卫生出版社@d1955
215    @a62页@d20cm
606 0  @a计划生育
606 0  @a计划生育@x卫生
690    @aR169.1@v3
701  0 @a宋鸿剑@Asong hong jian@4著
701  0 @a赵志一@Azhao zhi yi@4著
801  0 @aCN@bPFT@c20070925
905    @a10447@dR169.1@e174
    
    避孕常识/宋鸿剑,赵志一著.-北京:人民卫生出版社,1955
    62页;20cm
    
    
    ISBN :CNY0.15
    
●
相关链接 在E读中查询图书 在五车中查询图书 在当当中查询图书 在豆瓣中查询图书


正题名:避孕常识     索取号:R169.1/174         预约/预借

序号 登录号 条形码 馆藏地/架位号 状态 备注
1 0609727   206097276   第二样本阅览室/ [索取号:R169.1/174] 在馆    
唐山师范学院图书馆 欢迎您!
大连网信软件有限公司© 版权所有